Fisiología del ejercicio
I tiakina i:
| Ngā kaituhi matua: | , |
|---|---|
| Hōputu: | Pukapuka |
| Reo: | Pāniora |
| I whakaputaina: |
Buenos Aires
El Ateneo
1970
|
| Putanga: | 2a. ed |
| Ngā marau: | |
| Ngā Tūtohu: |
Tāpirihia he Tūtohu
Kāore He Tūtohu, Me noho koe te mea tuatahi ki te tūtohu i tēnei pūkete!
|
MARC
| LEADER | 00000nam a2200000 a 4500 | ||
|---|---|---|---|
| 001 | UCY9497 | ||
| 003 | CL-VaPUC | ||
| 008 | 950717e19700000AG |||||||||||||||||spa|d | ||
| 082 | 0 | 4 | |a 612.044 |b MOR |2 21 |
| 100 | |a Morehouse, Laurence E. |e autor |9 572579 | ||
| 700 | 0 | |a Miller, Augustus T |e author |9 341724 | |
| 245 | 1 | 0 | |a Fisiología del ejercicio |
| 250 | |a 2a. ed | ||
| 300 | |a 352 p | ||
| 942 | |c BK | ||
| 945 | |d 19950717 00:00:00 |a cmena | ||
| 260 | |a Buenos Aires |b El Ateneo |c 1970 | ||
| 650 | 7 | |a DEPORTE |2 CL-VaPUC |9 341725 | |
| 650 | 7 | |a FISIOLOGIA |2 CL-VaPUC |9 341726 | |
| 650 | 0 | |a Efectos fisiológicos |9 327358 | |
| 650 | 7 | |a EJERCICIO |2 CL-VaPUC |9 310040 | |
| 650 | 0 | |a Educación física |9 240893 | |
| 650 | 0 | |a Medicina deportiva |9 307562 | |
| 583 | |a last modification |c 19950717 00:00:00 |k Rodrigo Vera | ||
| 999 | |c 236584 |d 236582 | ||
| 952 | |0 0 |1 0 |4 0 |6 612_044000000000000_MOR_1970 |7 0 |8 P |9 244764 |a BIBEDU |b BIBEDU |c BIBEDU_PB |d 2019-11-18 |i 1531778 |o 612.044 MOR 1970 |p 1531778 |r 2024-01-25 |w 2019-11-18 |y BK |k EDU | ||